000 00781nam a2200253Ia 4500
003 OSt
005 20221007120959.0
006 a|||||r|||| 00| 0
007 ta
008 221006b |||||||| |||| 00| 0 eng d
020 _a8185038643
024 _a84520
037 _b044/09-10, 31/07/2009, N R Book Distributors
_cTextbook
040 _aBDL
_cBDL
_beng
041 _2eng
_aeng
082 _aI:12.251, K6;5 Carb
100 _aMaheshwari J K
_9606997
245 0 _aIllustrations to the flora of Delhi
260 _aNew
_bDelhi NISCAIR
_c1966
300 _axx, 281p.
_ccm.
500 _aIndex 279-282p.
942 _hI:12.251, K6;5 Carb
_cTB
_2CC
999 _c1208270
_d1208270